Mathematical model of solar radiation based on climatological data from NASA SSE; IOP Conference Series: Materials Science and Engineering; Vol. 363 : Cognitive Robotics
| Parent link: | IOP Conference Series: Materials Science and Engineering Vol. 363 : Cognitive Robotics.— 2018.— [012021, 6 p.] |
|---|---|
| Main Author: | |
| Corporate Author: | |
| Other Authors: | , |
| Summary: | Title screen An original model of solar radiation arriving at the arbitrarily oriented surface has been developed. The peculiarity of the model is that it uses numerical values of the atmospheric transparency index and the surface albedo from the NASA SSE database as initial data. The model is developed in the MatLab/Simulink environment to predict the main characteristics of solar radiation for any geographical point in Russia, including those for territories with no regular actinometric observations. |
| Language: | English |
| Published: |
2018
|
| Subjects: | |
| Online Access: | https://doi.org/10.1088/1757-899X/363/1/012021 http://earchive.tpu.ru/handle/11683/51785 |
| Format: | MixedMaterials Electronic Book Chapter |
| KOHA link: | https://koha.lib.tpu.ru/cgi-bin/koha/opac-detail.pl?biblionumber=658785 |
MARC
| LEADER | 00000nla2a2200000 4500 | ||
|---|---|---|---|
| 001 | 658785 | ||
| 005 | 20231214163654.0 | ||
| 035 | |a (RuTPU)RU\TPU\network\26854 | ||
| 035 | |a RU\TPU\network\26853 | ||
| 090 | |a 658785 | ||
| 100 | |a 20181121d2018 k y0engy50 ba | ||
| 101 | 0 | |a eng | |
| 102 | |a GB | ||
| 105 | |a y z 100zy | ||
| 135 | |a vrcn ---uucaa | ||
| 181 | 0 | |a i | |
| 182 | 0 | |a b | |
| 200 | 1 | |a Mathematical model of solar radiation based on climatological data from NASA SSE |f S. G. Obukhov, I. A. Plotnikov, V. G. Masolov | |
| 203 | |a Text |c electronic | ||
| 300 | |a Title screen | ||
| 320 | |a [References: 26 tit.] | ||
| 330 | |a An original model of solar radiation arriving at the arbitrarily oriented surface has been developed. The peculiarity of the model is that it uses numerical values of the atmospheric transparency index and the surface albedo from the NASA SSE database as initial data. The model is developed in the MatLab/Simulink environment to predict the main characteristics of solar radiation for any geographical point in Russia, including those for territories with no regular actinometric observations. | ||
| 461 | 1 | |0 (RuTPU)RU\TPU\network\2008 |t IOP Conference Series: Materials Science and Engineering | |
| 463 | 1 | |0 (RuTPU)RU\TPU\network\26822 |t Vol. 363 : Cognitive Robotics |o II International Conference, 22–25 November 2017, Tomsk, Russian Federation |o [proceedings] |v [012021, 6 p.] |d 2018 | |
| 610 | 1 | |a электронный ресурс | |
| 610 | 1 | |a труды учёных ТПУ | |
| 610 | 1 | |a математические модели | |
| 610 | 1 | |a солнечная радиация | |
| 610 | 1 | |a NASA | |
| 610 | 1 | |a прозрачность | |
| 610 | 1 | |a атмосфера | |
| 610 | 1 | |a данные | |
| 610 | 1 | |a базы данных | |
| 700 | 1 | |a Obukhov |b S. G. |c specialist in the field of electric power engineering |c Professor of Tomsk Polytechnic University, Doctor of technical sciences |f 1963- |g Sergey Gennadievich |3 (RuTPU)RU\TPU\pers\37391 |9 20309 | |
| 701 | 1 | |a Plotnikov |b I. A. |c specialist in the field of mechanical engineering |c Associate Professor of Tomsk Polytechnic University, candidate of technical sciences |f 1962- |g Igor Aleksandrovich |3 (RuTPU)RU\TPU\pers\36462 | |
| 701 | 1 | |a Masolov |b V. G. | |
| 712 | 0 | 2 | |a Национальный исследовательский Томский политехнический университет |b Инженерная школа энергетики |b Отделение электроэнергетики и электротехники (ОЭЭ) |3 (RuTPU)RU\TPU\col\23505 |
| 801 | 1 | |a RU |b 63413507 |c 20150101 |g RCR | |
| 801 | 2 | |a RU |b 63413507 |c 20181129 |g RCR | |
| 856 | 4 | |u https://doi.org/10.1088/1757-899X/363/1/012021 | |
| 856 | 4 | |u http://earchive.tpu.ru/handle/11683/51785 | |
| 942 | |c CF | ||